000 00568nam a2200181Ia 4500
008 240729s9999 xx 000 0 und d
022 _a2168-9709
245 0 _aMental Health Clinician
260 _aUnited States
260 _bAmerican Association of Psychiatric Pharmacists
650 _a Internal medicine
650 _a Neurosciences. Biological psychiatry. Neuropsychiatry | Medicine
650 _a Pharmacy and materia medica
650 _aMedicine
856 _uhttps://doaj.org/toc/ff9fe22d04b84f3683192517e2006db6
942 _2ddc
942 _cDOAJEJ
999 _c73353
_d73353
945 _a1
_bMadushi Gamage
_c1
_dMadushi Gamage